Juristische Rhetorik: Auslegung, Begründung, Subsumtion
| Autor principal: | |
|---|---|
| Tipo de documento: | Print Libro |
| Lenguaje: | Alemán |
| Publicado: |
Heidelberg
v. Decker
1997
|
| En: |
R. v. Deckers rechts- und sozialwissenschaftliche Abhandlungen (36)
Año: 1997 |
| Edición: | 3., durchges. und erw. Aufl. |
| Acceso en línea: |
Índice Índice |
| Verificar disponibilidad: | HBZ Gateway |
| Servicio de pedido Subito: | Pedir ahora. |
| Palabras clave: |
MARC
| LEADER | 00000cam a2200000 c 4500 | ||
|---|---|---|---|
| 001 | 226671801 | ||
| 003 | DE-627 | ||
| 005 | 20260206200424.0 | ||
| 007 | tu | ||
| 008 | 970428s1997 gw ||||| 00| ||ger c | ||
| 015 | |a 97,N18,0243 |2 dnb | ||
| 015 | |a 97,A37,0392 |2 dnb | ||
| 016 | 7 | |a 950135178 |2 DE-101 | |
| 020 | |a 3768552969 |c : DM 158.00, sfr 140.00, S 1153.00 (Gb.) |9 3-7685-5296-9 | ||
| 035 | |a (DE-627)226671801 | ||
| 035 | |a (DE-603)052153819 | ||
| 035 | |a (DE-576)059490985 | ||
| 035 | |a (DE-599)DNB950135178 | ||
| 035 | |a (OCoLC)611653916 | ||
| 035 | |a (OCoLC)611653916 | ||
| 035 | |a (OCoLC)39530272 | ||
| 035 | |a (DE-604)8113122470 | ||
| 040 | |a DE-627 |b ger |c DE-627 |e rakwb | ||
| 041 | |a ger | ||
| 044 | |c XA-DE | ||
| 084 | |a 19 |a 53 |2 sdnb | ||
| 084 | |a PI 3010 |2 rvk |0 (DE-625)rvk/136584: | ||
| 084 | |a PI 3000 |2 rvk |0 (DE-625)rvk/136582: | ||
| 084 | |a PI 3070 |2 rvk |0 (DE-625)rvk/136590: | ||
| 084 | |a 86.03 |2 bkl | ||
| 084 | |a 17.62 |2 bkl | ||
| 090 | |a a | ||
| 100 | 1 | |a Gast, Wolfgang |d 1940-2024 |0 (DE-588)120945525 |0 (DE-627)080986153 |0 (DE-576)292460945 |4 aut | |
| 109 | |a Gast, Wolfgang 1940-2024 | ||
| 245 | 1 | 0 | |a Juristische Rhetorik |b Auslegung, Begründung, Subsumtion |c von Wolfgang Gast |
| 250 | |a 3., durchges. und erw. Aufl. | ||
| 263 | |a Gb. : DM 158.00 | ||
| 264 | 1 | |a Heidelberg |b v. Decker |c 1997 | |
| 300 | |a XV, 409 S. |c 23 cm | ||
| 336 | |a Text |b txt |2 rdacontent | ||
| 337 | |a ohne Hilfsmittel zu benutzen |b n |2 rdamedia | ||
| 338 | |a Band |b nc |2 rdacarrier | ||
| 490 | 1 | |a R. v. Decker's rechts- und sozialwissenschaftliche Abhandlungen |v 36 | |
| 583 | 1 | |a Archivierung/Langzeitarchivierung gewährleistet |f PEBW |x XA-DE-BW |2 pdager |5 DE-31 | |
| 689 | 0 | 0 | |d s |0 (DE-588)4129291-1 |0 (DE-627)105710946 |0 (DE-576)209609346 |a Juristische Argumentation |2 gnd |
| 689 | 0 | 1 | |d s |0 (DE-588)4076704-8 |0 (DE-627)104598395 |0 (DE-576)20920267X |a Rhetorik |2 gnd |
| 689 | 0 | |5 DE-101 | |
| 830 | 0 | |a R. v. Deckers rechts- und sozialwissenschaftliche Abhandlungen |v 36 |9 36 |w (DE-627)319546810 |w (DE-576)015834492 |w (DE-600)561229-9 |x 2567-7861 |7 am | |
| 856 | 4 | 2 | |u http://www.gbv.de/dms/spk/sbb/toc/226671801.pdf |m V:DE-601 |m B:DE-1 |q pdf/application |x Verlag |y Inhaltsverzeichnis |3 Inhaltsverzeichnis |7 1 |
| 856 | 4 | 2 | |u http://scans.hebis.de/HEBCGI/show.pl?05215381_toc.pdf |m V:DE-603;B:DE-30 |q application/pdf |3 Inhaltsverzeichnis |7 1 |
| 935 | |i sf | ||
| 935 | |i Blocktest | ||
| 935 | |h HEB |i 0501 | ||
| 935 | |h HEB |i 0503 | ||
| 936 | r | v | |a PI 3010 |b Allgemeines |k Rechtswissenschaft |k Allgemeine Rechtslehre und Rechtstheorie, Rechts- und Staatsphilosophie, Rechtssoziologie |k Begriff, Wesen und Methodik des Rechts |k Rechtsdenken (BF Juristisches Denken), Juristische Methodik (BF Juristische Methodenlehre, Rechtswissenschaft/Methode), Rechtsfindung |k Allgemeines |0 (DE-627)1271266040 |0 (DE-625)rvk/136584: |0 (DE-576)201266040 |
| 936 | r | v | |a PI 3000 |b Begriff und Wesen des Rechts |k Rechtswissenschaft |k Allgemeine Rechtslehre und Rechtstheorie, Rechts- und Staatsphilosophie, Rechtssoziologie |k Begriff, Wesen und Methodik des Rechts |k Begriff und Wesen des Rechts |0 (DE-627)1270912690 |0 (DE-625)rvk/136582: |0 (DE-576)200912690 |
| 936 | r | v | |a PI 3070 |b Recht und Semiotik, Rechtslinguistik, Kommunikationstheorie des Rechts, Kybernetik des Rechts (ohne Datenverarbeitung) |k Rechtswissenschaft |k Allgemeine Rechtslehre und Rechtstheorie, Rechts- und Staatsphilosophie, Rechtssoziologie |k Begriff, Wesen und Methodik des Rechts |k Recht und Semiotik, Rechtslinguistik, Kommunikationstheorie des Rechts, Kybernetik des Rechts (ohne Datenverarbeitung) |0 (DE-627)1271266091 |0 (DE-625)rvk/136590: |0 (DE-576)201266091 |
| 936 | b | k | |a 86.03 |j Rechtstheorie |j Rechtsmethodik |j Allgemeine Rechtslehre |0 (DE-627)10642095X |
| 936 | b | k | |a 17.62 |j Rhetorik |j Stilistik |x Sprachwissenschaft |0 (DE-627)106404296 |
| 936 | s | n | |a p100 |2 mzub |
| 936 | s | n | |a g100 |2 mzub |
| 951 | |a BO | ||
| ELC | |b 1 | ||
| LOK | |0 000 xxxxxcx a22 zn 4500 | ||
| LOK | |0 001 318910994X | ||
| LOK | |0 003 DE-627 | ||
| LOK | |0 004 226671801 | ||
| LOK | |0 005 20151116135821 | ||
| LOK | |0 008 150728||||||||||||||||ger||||||| | ||
| LOK | |0 035 |a (DE-21-110)kd55310 | ||
| LOK | |0 040 |a DE-21-110 |c DE-627 |d DE-21-110 | ||
| LOK | |0 689 |a s |a Rechtswissenschaft | ||
| LOK | |0 689 |a s |a Rhetorik | ||
| LOK | |0 689 |a s |a Methodenlehre | ||
| LOK | |0 689 |a s |a Auslegung | ||
| LOK | |0 689 |a s |a Juristische Methodik | ||
| LOK | |0 852 |z Kein Bestand am IfK; Nachweis für KrimDok | ||
| LOK | |0 852 |a DE-21-110 | ||
| LOK | |0 852 1 |9 00 | ||
| LOK | |0 935 |a k110 | ||
| LOK | |0 939 |a 28-07-15 |b l01 | ||
| ORI | |a SA-MARC-krimdoka001.raw | ||
